Proenfermería (Registro nro. 578)
[ vista simple ]
| 000 -CABECERA | |
|---|---|
| campo de control de longitud fija | 00883nam a2200229Ia 4500 |
| 003 - IDENTIFICADOR DEL NÚMERO DE CONTROL | |
| campo de control | AR-RoIUNI |
| 005 - FECHA Y HORA DE LA ÚLTIMA TRANSACCIÓN | |
| campo de control | 20190112162846.0 |
| 007 - CAMPO FIJO DE DESCRIPCIÓN FÍSICA--INFORMACIÓN GENERAL | |
| campo de control de longitud fija | ta |
| 008 - DATOS DE LONGITUD FIJA--INFORMACIÓN GENERAL | |
| campo de control de longitud fija | 150616s2002 ag r 000 0 spa d |
| 022 ## - NÚMERO INTERNACIONAL NORMALIZADO PARA PUBLICACIONES SERIADAS | |
| Número Internacional Normalizado para Publicaciones Seriadas | 16667999 |
| 040 ## - FUENTE DE LA CATALOGACIÓN | |
| Centro/agencia transcriptor | AR-RoIUNI |
| Lengua de catalogación | spa |
| Normas de descripción | aarc2 |
| 080 ## - NÚMERO DE LA CLASIFICACIÓN DECIMAL UNIVERSAL | |
| Número de la Clasificación Decimal Universal | 616 PRO |
| 245 10 - MENCIÓN DE TÍTULO | |
| Título | Proenfermería |
| Resto del título | salud materno- infantil y del adolescente : programa de actualización en enfermería |
| Número de parte o sección de la obra | Módulo 2 |
| Mención de responsabilidad, etc. | Organizado por: Federación argentina de enfermería, Asociación de escuelas universitarias de enfermería de la República Argentina. |
| 250 ## - MENCIÓN DE EDICIÓN | |
| Mención de edición | 1a. ed. |
| 260 ## - PUBLICACIÓN, DISTRIBUCIÓN, ETC. (PIE DE IMPRENTA) | |
| Lugar de publicación, distribución, etc. | Buenos Aires : |
| Nombre del editor, distribuidor, etc. | Médica Panamericana, |
| Fecha de publicación, distribución, etc. | 2002. |
| 300 ## - DESCRIPCIÓN FÍSICA | |
| Extensión | 131 p. ; |
| Dimensiones | 27 cm. |
| 650 10 - PUNTO DE ACCESO ADICIONAL DE MATERIA--TÉRMINO DE MATERIA | |
| Término de materia o nombre geográfico como elemento inicial | Enfermería |
| 9 (RLIN) | 86 |
| 650 #4 - PUNTO DE ACCESO ADICIONAL DE MATERIA--TÉRMINO DE MATERIA | |
| Término de materia o nombre geográfico como elemento inicial | CUIDADOS EN ENFERMERÍA |
| 710 2# - PUNTO DE ACCESO ADICIONAL--NOMBRE DE ENTIDAD CORPORATIVA | |
| Nombre de entidad corporativa o nombre de jurisdicción como elemento de entrada | Federación argentina de enfermería |
| 710 2# - PUNTO DE ACCESO ADICIONAL--NOMBRE DE ENTIDAD CORPORATIVA | |
| Nombre de entidad corporativa o nombre de jurisdicción como elemento de entrada | Asociación de escuelas universitarias de enfermería de la República Argentina |
| 942 ## - ELEMENTOS DE PUNTO DE ACCESO ADICIONAL (KOHA) | |
| Tipo de ítem Koha | Libros |
| Fuente del sistema de clasificación o colocación | Clasificación Decimal Universal |
| Estado de retiro | Estado de pérdida | Fuente del sistema de clasificación o colocación | Estado dañado | Restricciones de uso | Excepción de préstamo | Código de colección | Localización permanente | Ubicación/localización actual | Ubicación en estantería | Fecha de adquisición | Número de inventario | Total de préstamos | Signatura topográfica completa | Código de barras | Fecha visto por última vez | Precio válido a partir de | Tipo de ítem Koha |
|---|---|---|---|---|---|---|---|---|---|---|---|---|---|---|---|---|---|
| Clasificación Decimal Universal | Consulta en biblioteca | Enfermería | BIBLIOTECA RIOBAMBA | BIBLIOTECA RIOBAMBA | BIBLIOTECA RIOBAMBA | 06/08/2021 | 4804 | 616 PRO | 4804c | 12/01/2019 | 12/01/2019 | Libros |

